Lego Star Wars : La Saga Complète - Personnages jouables - Statistiques

Statistiques générales
  • Ce quiz a été pris 294 fois
  • Le résultat moyen est 17 sur 126
Statistiques - réponses
Personnages % Correct
Dark Vador
70%
Obi-Wan Kenobi
70%
Yoda
68%
Princesse Leia
59%
Han Solo
55%
R2-D2
55%
C-3PO
53%
Padmé
52%
Dark Maul
50%
L'Empereur
50%
Mace Windu
46%
Comte Dooku
44%
Chewbacca
42%
Qui-Gon Jinn
41%
Boba Fett
37%
Général Grievous
37%
Jar Jar Binks
36%
Jango Fett
32%
Ki-Adi Mundi
30%
Kit Fisto
30%
Plo Koon
27%
Chancelier Palpatine
26%
Clone
26%
Stormtrooper
25%
Lando Calrissian
23%
Droïde de combat
22%
Shaak Ti
19%
Ben Kenobi
18%
Luminara Unduli
18%
Commandant Cody
16%
Droïdeka
16%
Anakin Skywalker (Enfant)
14%
IG-88
14%
Aayla Secura
13%
Anakin Skywalker (Padawan)
13%
Capitaine Panaka
13%
Greedo
13%
Super droïde de combat
13%
Anakin Skywalker (Jedi)
12%
Watto
12%
Bossk
11%
Ewok
11%
Obi-Wan Kenobi (Maître Jedi)
10%
Wicket
10%
Dengar
9%
Jawa
9%
Luke Skywalker (Jedi)
9%
R4-P17
9%
Reine Amidala
9%
TC-14
9%
Amiral Ackbar
8%
Bib Fortuna
8%
Boss Nass
8%
Obi-Wan Kenobi (Épisode III)
8%
Soldat rebelle
8%
Capitaine Antilles
7%
Droïde Gonk
7%
Grand Moff Tarkin
7%
Han Solo (Endor)
7%
Han Solo (Hoth)
7%
Luke Skywalker (Hoth)
7%
Luke Skywalker (Tatooine)
7%
Princesse Leia (Endor)
7%
4-LOM
6%
Indiana Jones
6%
Lama Su
6%
Luke Skywalker (Dagobah)
6%
Luke Skywalker (Endor)
6%
Princesse Leia (Hoth)
6%
Wookie
6%
Géonosien
5%
Han Solo (Stormtrooper)
5%
Luke Skywalker (Bespin)
5%
Anakin Skywalker (Spectre)
4%
Ben Kenobi (Spectre)
4%
Boba Fett (Enfant)
4%
Capitaine Tarpals
4%
Garde du corps de Grievous
4%
Lobot
4%
Luke Skywalker (Stormtrooper)
4%
Padmé (Géonosis)
4%
Pillard Tusken
4%
Pilote rebelle
4%
Princesse Leia (Bespin)
4%
Yoda (Spectre)
4%
Clone (Épisode III)
3%
Droïde de combat (Commandant)
3%
Luke Skywalker (Pilote)
3%
Mace Windu (Épisode III)
3%
Officier Impérial
3%
Padmé (Griffée)
3%
Pilote de chasseur TIE
3%
Taun We
3%
Zam Wesell
3%
Clone déguisé
2%
Droïde de combat (Géonosis)
2%
Droïde de combat (Sécurité)
2%
Droïde mécano
2%
Garde gamorréen
2%
Princesse Leia (Boushh)
2%
Princesse Leia (Prisonnière)
2%
Soldat rebelle (Hoth)
2%
Droïde PK
1%
Espion Impérial
1%
Garde royal
1%
Han Solo (Esquif)
1%
Lando (Garde du palais)
1%
Padmé (Bataille)
1%
Princesse Leia (Esclave)
1%
Soldat de l'Étoile Noire
1%
Soldat des sables
1%
Ugnaught
1%
Clone (Épisode III, Marais)
0%
Clone (Épisode III, Pilote)
0%
Clone (Épisode III, Walker)
0%
Dexter Jettster
0%
Garde de Bespin
0%
Garde d'esquif
0%
Garde du palais
0%
Garde Imprérial
0%
Han Solo (Capuche)
0%
Pilote de navette impériale
0%
R2-Q5
0%
Soldat des neiges
0%
Soldat des plages
0%
Sympathisant rebelle
0%
Aucun quiz correspondant
Distribution des résultats
% des personnes avec chaque résultat
Percentile par nombre de réponses
Votre historique - résultats
Vous n’avez pas pris ce quiz